Russia Trivia - Statistics

General Stats
  • This quiz has been taken 27 times
  • The average score is 4 of 8
Answer Stats
Question Answer % Correct
Preident Vladimir Putin
96%
City which has more billionaires than per capita Moscow
87%
First one to go to space Yuri Gagarin
78%
Artificial Satellite (1st ) Sputnik1
61%
Connects Moscow - Vladivostok Trans-Siberian
52%
Russia's largest island Sakhalin
43%
First Woman to go to space Valentina Tereshkova
26%
Population (2020) 144.1M
4%
No matching quizzes found
Score Distribution
Percent of People with Each Score
Percentile by Number Answered
Your Score History
You have not taken this quiz